[Event "South FR-ch (Women)"]
[Site "Armavir"]
[Date "2015.03.??"]
[Round "8"]
[White "Baraeva, Marina"]
[Black "Vorushilo, Alena"]
[Result "1-0"]
[WhiteElo "2205"]
[BlackElo "1639"]
[PlyCount "53"]
[EventDate "2015.03.10"]
[EventType "swiss"]
[EventRounds "9"]
[EventCountry "RUS"]
[SourceTitle "EXT 2018"]
[Source "ChessBase"]
[SourceDate "2017.10.13"]
[SourceVersion "1"]
[SourceVersionDate "2017.10.13"]
[SourceQuality "1"]

1. d4 Nf6 2. c4 c5 3. Nf3 g6 4. Nc3 cxd4 5. Nxd4 Bg7 6. e4 d6 7. Be2 Nc6 8. Be3 0-0 9. 0-0 Nxd4 10. Bxd4 Be6 11. Rc1 a6 12. Kh1 Qa5 13. Qd3 Rfc8 14. b3 Rab8 15. a4 Nd7 16. Bxg7 Kxg7 17. f4 f5 18. exf5 Bxf5 19. Qe3 e5 20. g4 Be6 21. f5 Bf7 22. Ne4 h6 23. Nxd6 Rf8 24. Nxf7 Rxf7 25. fxg6 Rxf1+ 26. Rxf1 Kxg6 27. Qd3+ 1-0

[Event "Sochi Tseshkovsky Memorial op"]
[Site "Sochi"]
[Date "2014.09.25"]
[Round "9"]
[White "Khristenko, Elena"]
[Black "Vorushilo, Alena"]
[Result "0-1"]
[WhiteElo "1781"]
[BlackElo "1592"]
[PlyCount "46"]
[EventDate "2014.09.17"]
[EventType "swiss"]
[EventRounds "9"]
[EventCountry "RUS"]
[SourceTitle "CBM 162 Extra"]
[Source "ChessBase"]
[SourceDate "2014.10.17"]
[SourceVersion "1"]
[SourceVersionDate "2014.10.17"]
[SourceQuality "1"]

1. d4 Nf6 2. e3 g6 3. Bd3 Bg7 4. f4 d6 5. Nf3 0-0 6. 0-0 c5 7. c3 Nc6 8. Qc2 cxd4 9. exd4 e6 10. h3 a6 11. g4 Ne7 12. Nh4 b5 13. f5 Bb7 14. g5 gxf5 15. gxf6 Bxf6 16. Nf3 Kh8 17. Bh6 Rg8+ 18. Kh2 Ng6 19. Bxf5 exf5 20. Qxf5 Nh4 21. Nxh4 Bxh4 22. Rg1 Qe7 23. Bg7+ Rxg7 0-1

[Event "Sochi Tseshkovsky Memorial op"]
[Site "Sochi"]
[Date "2014.09.24"]
[Round "8"]
[White "Vorushilo, Alena"]
[Black "Kutovoi, Valery"]
[Result "1-0"]
[WhiteElo "1592"]
[BlackElo "1813"]
[PlyCount "51"]
[EventDate "2014.09.17"]
[EventType "swiss"]
[EventRounds "9"]
[EventCountry "RUS"]
[SourceTitle "CBM 162 Extra"]
[Source "ChessBase"]
[SourceDate "2014.10.17"]
[SourceVersion "1"]
[SourceVersionDate "2014.10.17"]
[SourceQuality "1"]

1. e4 e6 2. d4 b6 3. g3 Bb7 4. Bg2 f5 5. Nc3 Bb4 6. Qh5+ g6 7. Qe2 Qe7 8. a3 Bxc3+ 9. bxc3 Qf7 10. Nh3 h6 11. c4 Na6 12. 0-0 0-0-0 13. e5 Bxg2 14. Kxg2 g5 15. c5 Kb7 16. cxb6 axb6 17. c4 c6 18. Rb1 Ra8 19. Qb2 b5 20. cxb5 Nc7 21. bxc6+ Kc8 22. Qb7+ Kd8 23. Nxg5 hxg5 24. Bxg5+ Ne7 25. Bxe7+ Qxe7 26. Qb8+ 1-0

[Event "Sochi Tseshkovsky Memorial op"]
[Site "Sochi"]
[Date "2014.09.21"]
[Round "5"]
[White "Tsvetkov, Vladimir"]
[Black "Vorushilo, Alena"]
[Result "1-0"]
[WhiteElo "1862"]
[BlackElo "1592"]
[PlyCount "73"]
[EventDate "2014.09.17"]
[EventType "swiss"]
[EventRounds "9"]
[EventCountry "RUS"]
[SourceTitle "CBM 162 Extra"]
[Source "ChessBase"]
[SourceDate "2014.10.17"]
[SourceVersion "1"]
[SourceVersionDate "2014.10.17"]
[SourceQuality "1"]

1. e4 c5 2. f4 Nc6 3. Nf3 e6 4. c3 d5 5. e5 Nge7 6. d4 cxd4 7. cxd4 Nf5 8. Bb5 Qb6 9. Nc3 Bb4 10. Bxc6+ bxc6 11. g4 Nh6 12. h3 Ba6 13. Kf2 Rc8 14. Be3 0-0 15. f5 f6 16. exf6 exf5 17. fxg7 Kxg7 18. Qd2 Ng8 19. Bf4 Nf6 20. Be5 Kg8 21. Qg5+ Kf7 22. Qxf6+ Ke8 23. Qe6+ Be7 24. gxf5 Qxb2+ 25. Kg3 Qxc3 26. f6 Rf7 27. Bd6 Rc7 28. Rac1 Qxf3+ 29. Kxf3 Rxf6+ 30. Qxf6 Bxf6 31. Bxc7 Bxd4 32. Rxc6 Bc4 33. Rd6 Bxa2 34. Re1+ Kf8 35. Rd7 Bc5 36. Bd6+ Bxd6 37. Rxd6 1-0

[Event "Lazarevskoe op"]
[Site "Lazarevskoe"]
[Date "2014.06.17"]
[Round "?"]
[White "Vorushilo, Alena"]
[Black "Rolgeizer, Genrikh"]
[Result "1-0"]
[WhiteElo "1571"]
[BlackElo "1738"]
[PlyCount "83"]
[EventDate "2014.06.14"]
[EventType "swiss"]
[EventRounds "9"]
[EventCountry "RUS"]
[SourceTitle "EXT 2015"]
[Source "ChessBase"]
[SourceDate "2014.11.20"]
[SourceVersion "1"]
[SourceVersionDate "2014.11.20"]
[SourceQuality "1"]

1. e4 e5 2. Nf3 Nc6 3. Nc3 Nf6 4. d4 exd4 5. Nxd4 Bc5 6. Be3 Bb6 7. Bc4 0-0 8. 0-0 d6 9. Nxc6 bxc6 10. Bg5 h6 11. Bh4 Re8 12. Kh1 g5 13. Bg3 Nxe4 14. Qh5 d5 15. Rad1 Nxc3 16. bxc3 Qf6 17. Bd3 Bb7 18. f4 Re7 19. fxg5 Qxg5 20. Qf3 Rf8 21. Bf4 Qg7 22. Qh5 Be3 23. Rde1 Rfe8 24. Qh4 d4 25. Rxe3 dxe3 26. Bxh6 Qxc3 27. Qg5+ Kh8 28. Bf8 f6 29. Qh6+ Kg8 30. Bxe7 Rxe7 31. Qg6+ Kh8 32. Rxf6 Qa1+ 33. Bf1 Qxf6 34. Qxf6+ Rg7 35. Qh6+ Kg8 36. Qxe3 c5 37. Qe8+ Kh7 38. Bd3+ Kh6 39. Qh8+ Kg5 40. Qxg7+ Kf4 41. Qxc7+ Ke3 42. Qxb7 1-0

[Event "Lazarevskoe op"]
[Site "Lazarevskoe"]
[Date "2014.06.16"]
[Round "?"]
[White "Shuaipov, Islam"]
[Black "Vorushilo, Alena"]
[Result "1/2-1/2"]
[WhiteElo "1921"]
[BlackElo "1571"]
[PlyCount "90"]
[EventDate "2014.06.14"]
[EventType "swiss"]
[EventRounds "9"]
[EventCountry "RUS"]
[SourceTitle "EXT 2015"]
[Source "ChessBase"]
[SourceDate "2014.11.20"]
[SourceVersion "1"]
[SourceVersionDate "2014.11.20"]
[SourceQuality "1"]

1. e4 c5 2. Nf3 d6 3. Bc4 Nf6 4. Nc3 Nc6 5. d4 cxd4 6. Nxd4 e6 7. Be3 Be7 8. 0-0 0-0 9. Qe2 Bd7 10. Rad1 a6 11. f3 Rc8 12. Nxc6 Bxc6 13. e5 Ne8 14. exd6 Nxd6 15. Bd3 Qc7 16. Qf2 Bf6 17. Bc5 Rfd8 18. Bb6 Qe7 19. Bxd8 Rxd8 20. Be4 Nxe4 21. fxe4 Rxd1 22. Rxd1 Bxc3 23. bxc3 Bxe4 24. Qf4 Bc6 25. Qb8+ Be8 26. Rd8 Kf8 27. Rc8 Qd7 28. h3 g6 29. Rxe8+ Qxe8 30. Qxb7 Qb5 31. Qc8+ Kg7 32. c4 Qb1+ 33. Kh2 Qxa2 34. c5 Qxc2 35. c6 Qc4 36. Qc7 Qc5 37. Kg3 Qe3+ 38. Kh2 Qc5 39. h4 h5 40. Qd7 Qe5+ 41. Kh3 Qe3+ 42. g3 Qe4 43. Kh2 Qe2+ 44. Kg1 Qe1+ 45. Kg2 Qe2+ 1/2-1/2

[Event "Armavir-ch"]
[Site "Armavir"]
[Date "2014.05.08"]
[Round "9"]
[White "Skripnikov, Velori"]
[Black "Vorushilo, Alena"]
[Result "1-0"]
[WhiteElo "1769"]
[BlackElo "1571"]
[PlyCount "63"]
[EventDate "2014.04.30"]
[EventType "swiss"]
[EventRounds "9"]
[EventCountry "RUS"]
[SourceTitle "CBM 160 Extra"]
[Source "ChessBase"]
[SourceDate "2014.07.01"]
[SourceVersion "1"]
[SourceVersionDate "2014.07.01"]
[SourceQuality "1"]

1. e4 c5 2. Nc3 Nc6 3. g3 d6 4. Bg2 Nf6 5. Nge2 g6 6. 0-0 Bg7 7. f4 e6 8. Kh1 a6 9. d4 cxd4 10. Nxd4 Nxd4 11. Qxd4 0-0 12. Bf3 Nd5 13. e5 dxe5 14. fxe5 Nxc3 15. Qxc3 Rb8 16. Be3 Bd7 17. Rad1 Qc8 18. Qxc8 Bxc8 19. Bc5 Re8 20. Bd6 Ra8 21. Bc7 Ra7 22. Rf2 Bf8 23. Rfd2 b5 24. Bd6 Bb7 25. Kg2 Bxf3+ 26. Kxf3 Bh6 27. Rd3 Rc8 28. c3 Rc4 29. Bb8 Rb7 30. Rd8+ Kg7 31. Bd6 f6 32. Bf8+ 1-0